000 00360nam a2200157Ia 4500
008 230524s9999 xx 000 0 und d
082 _a4
_bVAR
100 _aPVN Varalaxmi
245 0 _aProjects Using C++
250 _a2ND
260 _aNEW DELHI
_bScitech
_c2003
300 _aXIV;462
500 _aQuantity Number: 1
650 _aComp-Sc
942 _cBK
999 _c22835
_d22835